000 00711nam a2200289Ia 4500
005 20260324112701.0
008 008 260324s9999 xx 000 0 eng d
020 _a9788770042451
037 _aEBOOK
040 _aCRL
040 _beng
040 _cCRL
041 _2eng
041 _aeng
084 _qCRL
100 _aJosef Vedral
_91143723
245 0 _aIndustrial and Laboratory Measuring Systems
245 0 _bSensors, Distributed, Modular and Wireless Systems
260 _bTaylor and Francis
260 _c2024
365 _a
365 _b240
856 _uhttp://www.taylorfrancis.com/books/9788770042451
942 _cEBOOK
999 _c1733023
_d1733023